00589nam a2200109Ia 4500008004100000245001900041300025300060650002800313856004700341999001900388952007200407170517s9999 xx 000 0 und d aMoney and Life aMoney and Life is a passionate and inspirational essay-style documentary that asks a provocative question: can we see the economic crisis not as a disaster, but as a tremendous opportunity? This cinematic odyssey connects the dots on our current... xBusiness and Economics. uhttp://topdocumentaryfilms.com/money-life/ c333278d333278 001040aCLbCLd2017-05-17l0r2017-05-17 00:00:00w2017-05-17yDF